000 00829cam a2200289 4500
001 M1263
008 090401t1991 xxu||||| |||| 00| 0 eng d
035 _a(Sirsi) u30836
041 _aeng
050 _a346.94032
110 _aAssociation of Consulting Surveyors Australia
_92468
245 2 _aA disclaimer manual for surveyors.
260 _aDeakin, Australia
_bAssociation of Consulting Surveyors Aust
_c1991
300 _a86p. ; 30cm.
350 _a45
650 _aAUSTRALIA
650 _aDUTY OF CARE
650 _aEXPLANATORY CONTRACT CLAUSES
650 _aNEGLIGENCE
650 _aPROFESSIONAL LIABILITY
650 _aSURVEYORS
650 _aWARNING NOTES
690 _aPROFESSIONAL PRACTICE
710 _aAustralian Consulting Surveyors Insurance Society
_92474
942 _n0
948 _c04/03/1997
999 _c89517
_d89517